Property's rising star (Record no. 121247)

MARC details
000 -LEADER
fixed length control field 00940nas a22001937a 4500
001 - CONTROL NUMBER
control field K121247
007 - PHYSICAL DESCRIPTION FIXED FIELD--GENERAL INFORMATION
fixed length control field ta
008 - FIXED-LENGTH DATA ELEMENTS--GENERAL INFORMATION
fixed length control field 200330b2020 ||||| |||| 00| 0 eng d
041 ## - LANGUAGE CODE
Language code of text/sound track or separate title eng
100 ## - MAIN ENTRY--PERSONAL NAME
Personal author Early, Catherine
245 ## - TITLE STATEMENT
Title Property's rising star
260 ## - PUBLICATION INFORMATION
Date 2020
490 ## - SERIES TITLE
Series statement RICS Modus
Volume February 2020, 18-20(3)
520 ## - ABSTRACT
Abstract Interview with Rosanna Lawn MRICS, named Estates Gazette Rising Star and Property Week's RESI Trailblazer in 2019. She has so far been president of the university's Property Society, worked for entrepreneur John Hitchcox, co-created a network for young professionals called CREation Property Network and is now helping to take hi-tech modular houses with Project Etopia.
650 ## - KEYWORDS
Keywords DIVERSITY
651 ## - SUBJECT ADDED ENTRY--GEOGRAPHIC NAME
Geographic name United Kingdom
690 ## - LOCAL SUBJECT ADDED ENTRY--TOPICAL TERM (OCLC, RLIN)
9 (RLIN) 6226
Topical term or geographic name as entry element Business and management
856 ## - ONLINE RESOURCE
Uniform Resource Identifier https://ww3.rics.org/uk/en/modus/business-and-skills/surveying-stories/propertys-rising-star.html
Link text Available free on Modus
Holdings
Withdrawn status Lost status Damaged status Koha normalized classification for sorting Not for loan Home library Current library Shelving location Date acquired Total Checkouts Full call number Date last seen Price effective from Koha item type
      ONLINE   Virtual Virtual Online 30/03/2020   ONLINE 30/03/2020 30/03/2020 Journal article